| 000 | 00575nam a2200205 a 4500 | ||
|---|---|---|---|
| 001 | 3955 | ||
| 003 | CO-ViMGA | ||
| 008 | 141112s2004 ck r 000 u spa d | ||
| 020 | _a8432935026 | ||
| 040 |
_aCO-ViMGA _bspa _cCO-ViMGA |
||
| 082 | 0 | 4 | _aR620.1121 P173fr |
| 100 | 1 | _aPareto, Luis | |
| 245 | 1 | 0 | _aFormulario de resistencia y conocimiento de materiales para mecánicos |
| 250 | _a2a | ||
| 260 |
_aBarcelona ; CEAC, _c1991 |
||
| 300 | _a208 p | ||
| 490 | _aFormularios CEAC de mecánica | ||
| 650 | 1 | 4 |
_aMATERIALES - RESISTENCIA - FORMULARIO _954219 |
| 942 |
_2ddc _cBK |
||
| 999 |
_c15973 _d15973 |
||